LDR 00556naa#a2200169#i#450# 001 EN\INFRA-M\bibl\125267 005 20260702021157.4 011 ## _a2500-3305 100 ## _a20260430b2026####ek#y0engy0150####ca 102 ## _aRU 200 1# _aTeaching children how to deal with emergencies _eJournal article 210 1# _aMoscow _cINFRA-M Academic Publishing LLC. _d2026 215 ## _a3 с. 608 ## _aJournal article _2local 675 ## _aВторая ступень обучения. Средняя школа. 373.5 _z 700 #1 _aHabirov _gTimur Renatovich 856 4# _anaukaru.ru _u